000 00524nam a22001817a 4500
003 OSt
005 20171019105002.0
008 171019b xxu||||| |||| 00| 0 ara d
040 _aLB-BrCRDP
082 _a155.4 N416k
100 _aأديث نيسر
245 _aكيف نعيش مع الاطفال
250 _aالطبعة الثانية
260 _aالقاهرة
_bمكتبة النهضة المصرية
_c1965
300 _aص102
_cسم19
500 _aترجمة:سامي علي الجمال
942 _2ddc
_cBK
999 _c17757
_d17757